| 000 | 00418nam a22001697a 4500 | ||
|---|---|---|---|
| 003 | SGT | ||
| 020 | _a9789352500277 | ||
| 082 |
_a611.018 _b K25T |
||
| 100 | _aTRIVEDI, DIPALI. J,ed. | ||
| 245 | _aKAPUR & SURI'S BASIC HUMAN GENETICS | ||
| 250 | _a3RD | ||
| 260 |
_aNEW DELHI _bJAYPEE BRO. PUB. _c2025 |
||
| 300 | _a106 | ||
| 650 | _aANATOMY | ||
| 653 | _aKAPUR , SURI'S, BASIC, HUMAN, GENETICS | ||
| 942 |
_2ddc _cBK |
||
| 999 |
_c34745 _d34745 |
||